| 000 | 00442nam a2200169 4500 | ||
|---|---|---|---|
| 001 | 135765 | ||
| 003 | ES-MaACL | ||
| 005 | 20230906194942.0 | ||
| 007 | t| | ||
| 008 | 070214s1939 sp r ||||1| spa d | ||
| 100 | 1 |
_aRuiz de Alda, Julio. _9205326 |
|
| 245 | 1 | 0 |
_aObra completa / _cJulio Ruiz de Alda. |
| 260 |
_aBarcelona : _bDomingo Clarasó, _c1939. |
||
| 300 |
_a345 p. ; _c22 cm. |
||
| 852 |
_aES-MaACL _jA-4631 |
||
| 999 |
_c135765 _d135765 |
||